000
00297nam a22001217a 4500
008
170525b xxu||||| |||| 00| 0 eng d
041
_a
eng
080
_a
621.38
100
_a
26
101
_a
IM
245
_a
THE INDUSTRIAL PRACTICE OF CHEMICAL PROCESS ENGINEERING
_c
BODMAN,S.W
942
_2
udc
_c
BK
999
_c
14290
_d
14290